| 000 | 00960nmc a2200349 a 4500 | ||
|---|---|---|---|
| 003 | AR-BaBNM | ||
| 005 | 20251128204350.0 | ||
| 008 | 011101s1992 ||||||||||||||000 | spa|| | ||
| 020 | _a950-737-110-0 | ||
| 040 | _cAR-BaBNM | ||
| 100 | 1 | _aLurá, Alicia | |
| 245 | 1 | 0 |
_a¿De quién es la música? _bexperiencias y propuestas para la enseñanza |
| 260 |
_aBuenos Aires _bLibros del Quirquincho _c1992 |
||
| 300 |
_a110 p. _bil. |
||
| 490 | 0 | _aApuntes | |
| 504 | _aContiene bibliografía | ||
| 650 | 4 | _aEDUCACION MUSICAL | |
| 650 | 4 | _aRITMO | |
| 650 | 4 | _aACUSTICA | |
| 650 | 4 | _aEDUCACION ESTETICA | |
| 650 | 4 | _aACTIVIDADES DE APRENDIZAJE | |
| 650 | 4 | _aCANTO | |
| 650 | 4 | _aJUEGOS EDUCATIVOS | |
| 653 | _aCANCIONEROS | ||
| 653 | _aEDUCACION INICIAL | ||
| 653 | _aEDUCACION PRIMARIA | ||
| 653 | _aMETODOS EDUCATIVOS | ||
| 700 | 1 | _aUsandivaras, Teresa | |
| 800 | 1 |
_aDíaz Rönner, María Adelia _edirector |
|
| 942 | _cBK | ||
| 998 | _cCarmen | ||
| 999 |
_c7172 _d7172 |
||